000 00611nam a2200217 a 4500
001 65650
003 BD-RjUL
005 20211209081441.0
008 170309s1950 enkacfh 001 0 eng
035 _a(BD-RjUL)65780
040 _aDLC
_cCarP
_dBD-RjUL
_beng
041 _aeng
082 _223
_a809
_bOUT 1950
245 1 4 _aThe outline of literature /
_cJohn, Drinkwater,
260 _aLondon :
_bG. Newnes limited,
_c1950
300 _a862 p. :
_bill, ;
_c24 cm.
500 _aInclude index
650 0 _aLiterature
_xHistory and criticism.
_9186015
700 _aDrinkwater, John,
_9194201
942 _2ddc
_cBK
999 _c65650
_d65650